The Architecture of computer hardware and system software : (Record no. 2345)
[ view plain ]
| 000 -LEADER | |
|---|---|
| fixed length control field | 00805nam a22002412 4500 |
| 001 - CONTROL NUMBER | |
| control field | 0000003972 |
| 005 - DATE AND TIME OF LATEST TRANSACTION | |
| control field | 20151217145747.0 |
| 008 - FIXED-LENGTH DATA ELEMENTS--GENERAL INFORMATION | |
| fixed length control field | 070517s xx 000 0 eng d |
| 020 ## - INTERNATIONAL STANDARD BOOK NUMBER | |
| International Standard Book Number | 9971513242 : |
| Terms of availability | KES 1,180 |
| 040 ## - CATALOGING SOURCE | |
| Original cataloging agency | KABU |
| Transcribing agency | KABU |
| 050 #0 - LIBRARY OF CONGRESS CALL NUMBER | |
| Classification number | QA76.5 |
| Item number | .E54 2000 |
| 100 1# - MAIN ENTRY--PERSONAL NAME | |
| Personal name | Englander, Irv. |
| -- | 0000154264 |
| 245 14 - TITLE STATEMENT | |
| Title | The Architecture of computer hardware and system software : |
| Remainder of title | an information technology approach / |
| Statement of responsibility, etc. | Irv Englander. |
| 250 ## - EDITION STATEMENT | |
| Edition statement | 2nd ed. |
| 260 ## - PUBLICATION, DISTRIBUTION, ETC. (IMPRINT) | |
| Place of publication, distribution, etc. | New York : |
| Name of publisher, distributor, etc. | John Wiley & Sons, |
| Date of publication, distribution, etc. | 2000. |
| 300 ## - PHYSICAL DESCRIPTION | |
| Extent | xx, 764 p. : |
| Other physical details | ill. ; |
| Dimensions | 24 cm. |
| 650 #0 - SUBJECT ADDED ENTRY--TOPICAL TERM | |
| Topical term or geographic name as entry element | Computers. |
| -- | 0000153924 |
| 650 #0 - SUBJECT ADDED ENTRY--TOPICAL TERM | |
| Topical term or geographic name as entry element | System software. |
| -- | 0000154265 |
| 908 ## - PUT COMMAND PARAMETER (RLIN) | |
| Put command parameter | 070517 |
| 950 ## - LOCAL HOLDINGS (RLIN) | |
| -- | 1 |
| Withdrawn status | Lost status | Source of classification or shelving scheme | Not for loan | Home library | Current library | Date acquired | Total Checkouts | Full call number | Barcode | Date last seen | Date last checked out | Price effective from | Koha item type | Cost, normal purchase price | Inventory number | Total Renewals | Copy number |
|---|---|---|---|---|---|---|---|---|---|---|---|---|---|---|---|---|---|
| Library of Congress Classification | Kabarak, Main Campus | Kabarak, Main Campus | 17/12/2015 | 1 | QA76.5 .E54 2000 | 002686 | 07/11/2019 | 05/11/2019 | 17/12/2015 | General Collection | |||||||
| Library of Congress Classification | Kabarak, Main Campus | Kabarak, Main Campus | 17/12/2015 | 1 | QA76.5 .E54 2000 | 002687 | 07/08/2018 | 06/08/2018 | 17/12/2015 | General Collection | |||||||
| Library of Congress Classification | Kabarak, Main Campus | Kabarak, Main Campus | 19/03/2018 | 2 | QA76.5 .E54 2005 | 024483 | 25/10/2018 | 09/10/2018 | 19/03/2018 | General Collection | 1950.00 | 2018/0614 | 1 | C. 1 |